Online
Catalog

Poesía con nombres / (Record no. 2395)

MARC details
000 -CABECERA
campo de control de longitud fija 00657cam a2200217 a 4500
001 - NÚMERO DE CONTROL
campo de control 000002559
005 - FECHA Y HORA DE LA ÚLTIMA TRANSACCIÓN
campo de control 20200929150219.0
008 - DATOS DE LONGITUD FIJA--INFORMACIÓN GENERAL
campo de control de longitud fija 770516s1992 sp r 001 p spa
020 ## - NÚMERO INTERNACIONAL ESTÁNDAR DEL LIBRO
Número Internacional Estándar del Libro 8420616370
040 ## - FUENTE DE LA CATALOGACIÓN
Centro catalogador/agencia de origen DO-SdBNP
Lengua de catalogación spa
Centro/agencia transcriptor BNPHU
082 ## - NÚMERO DE LA CLASIFICACIÓN DECIMAL DEWEY
Número de clasificación 861.6
Número de documento/Ítem O87p
100 1# - ENTRADA PRINCIPAL--NOMBRE DE PERSONA
Nombre de persona Otero, Blas de,
Fechas asociadas al nombre 1916 -1979
9 (RLIN) 4207
245 10 - MENCIÓN DE TÍTULO
Título Poesía con nombres /
Mención de responsabilidad, etc. Blas de Otero.
250 ## - MENCIÓN DE EDICIÓN
Mención de edición 1a ed., 5a reimpr.
260 ## - PUBLICACIÓN, DISTRIBUCIÓN, ETC.
Lugar de publicación, distribución, etc. Madrid :
Nombre del editor, distribuidor, etc. Alianza,
Fecha de publicación, distribución, etc. 1992.
300 ## - DESCRIPCIÓN FÍSICA
Extensión 101 p. ;
Dimensiones 18 cm.
440 #3 - MENCIÓN DE SERIE/PUNTO DE ACCESO ADICIONAL--TÍTULO
Título El libro de bolsillo.
Número de parte o sección de la obra Literatura ;
Designación de volumen o secuencia 637
9 (RLIN) 8060
650 #4 - PUNTO DE ACCESO ADICIONAL DE MATERIA--TÉRMINO DE MATERIA
Término de materia o nombre geográfico como elemento de entrada Poesía española
9 (RLIN) 631
650 #4 - PUNTO DE ACCESO ADICIONAL DE MATERIA--TÉRMINO DE MATERIA
Término de materia o nombre geográfico como elemento de entrada Literatura española
9 (RLIN) 632
910 ## - DATOS DE OPCIÓN DEL USUARIO (OCLC)
Datos de opción del usuario Validado. Control de calidad. MFF
Holdings
Estado de retiro Estado de pérdida Restricciones de uso No para préstamo Código de colección Localización permanente Ubicación/localización actual Ubicación en estantería Fecha de adquisición Número de inventario Total de préstamos Signatura topográfica completa Código de barras Fecha visto por última vez Precio válido a partir de Tipo de ítem Koha
    Préstamo interno   Monografías: Libros y Folletos General General Depósito 14.07.2009 LF1   861.6 O87p 2559-10 25.06.2020 25.06.2020 Préstamo interno

Powered by Koha